000 00496nam a2200145Ia 4500
008 100204s9999 xx 000 0 und d
082 _b6739
100 _aभावे ह. अ. भाषां.
245 _aमुलांचे पंचतंत्र
260 _b"वरदा बुक्स , पुणे"
_c1982 re
300 _a246
630 _aमुलांचे पंचतंत्र
730 _aमुलांचे पंचतंत्र
942 _cBOOK
999 _c451177
_d451174